000 00767cam a2200253 4500500
005 20260405004100.0
041 _afre
042 _adc
100 1 0 _aLarmagnac-Matheron, Octave
_eauthor
245 0 0 _aMachiavel est-il révolutionnaire ?
260 _c2022.
500 _a44
690 _aGramsci
690 _aJacobinisme
690 _aLe Prince
690 _aLouis Althusser
690 _aMachiavel
690 _aPolitique
690 _aPouvoir
690 _aRévolution
690 _aRobespierre
786 0 _nPhilosophie magazine - Hors séries | Hors-série Hiver-Pritemps 2022 | HS52 | 2022-01-01 | p. 15-16 | 2104-9246
856 4 1 _uhttps://shs.cairn.info/magazine-philosophie-magazine-2022-hs52-page-15?lang=fr&redirect-ssocas=7080
999 _c2073536
_d2073536